Jerzy Grotowski, 1973 interview.

The Polish Laboratory Theater is a powerful new dramatic force. This program gives its director a chance to speak his mind.

Bibliographic Details
Other Authors: Chwat, Jacques, Croyden, Margaret, Grotowski, Jerzy, 1933-1999
Format: Video
Language:English
Published: [Kent, Conn.] : Creative Arts Television, [2007]
Series:Theatre in video.
Subjects:
Online Access:Connect to this online video

MARC

Tag First Indicator Second Indicator Subfields
LEADER 00000cgm a2200000Mi 4500
001 in00002846639
005 20190331170800.0
006 m c
007 cr |n|---||a|a
007 vz |z|zu|
008 080722p20071973ctu027 g o vleng d
029 1 |a NZ1  |b 13872786 
035 |a (OCoLC)ocn630564696 
035 |a (OCoLC)630564696 
040 |a ALSTP  |b eng  |c ALSTP  |d CEF  |d OCLCQ  |d VMC  |d UtOrBLW 
043 |a e-pl--- 
049 |a TXAM 
050 1 4 |a AE5  |b .A860 Internet 
245 0 0 |a Jerzy Grotowski, 1973 interview. 
246 3 0 |a Jerzy Grotowski 
264 1 |a [Kent, Conn.] :  |b Creative Arts Television,  |c [2007] 
264 4 |c ©2007 
300 |a 1 online resource (1 streaming video (27 min.)) 
336 |a two-dimensional moving image  |b tdi  |2 rdacontent 
337 |a computer  |b c  |2 rdamedia 
338 |a online resource  |b cr  |2 rdacarrier 
500 |a Originally published as a DVD. 
518 |a Originally aired in 1973. 
520 |a The Polish Laboratory Theater is a powerful new dramatic force. This program gives its director a chance to speak his mind. 
588 |a Description based on print version record. 
500 |a Electronic resource. 
600 1 0 |a Grotowski, Jerzy,  |d 1933-1999. 
610 2 0 |a Teatr Laboratorium (Wrocław, Poland) 
650 0 |a Acting. 
650 0 |a Documentary television programs. 
650 0 |a Experimental theater. 
650 0 |a Theater  |x Production and direction. 
650 0 |a Theater  |z Poland. 
655 7 |a Nonfiction films.  |2 lcgft 
655 7 |a Documentary films.  |2 lcgft 
655 7 |a Internet videos.  |2 lcgft 
700 1 |a Chwat, Jacques. 
700 1 |a Croyden, Margaret. 
700 1 |a Grotowski, Jerzy,  |d 1933-1999. 
830 0 |a Theatre in video. 
856 4 0 |u http://proxy.library.tamu.edu/login?url=http://www.aspresolver.com/aspresolver.asp?ATIV;658004  |z Connect to this online video  |t 0 
994 |a 92  |b TXA 
999 |a MARS 
999 f f |s 38aec299-8749-3b3e-b3d3-c4cf9ec415a2  |i e9abce0f-9848-3284-9d97-644e320cc293  |t 0 
952 f f |a Texas A&M University  |b College Station  |c Electronic Resources  |d Available Online  |t 0  |e AE5 .A860 Internet  |h Library of Congress classification 
998 f f |a AE5 .A860 Internet  |t 0  |l Available Online